Detalles MARC
| 000 -LEADER |
| fixed length control field |
01974nam a2200361 i 4500 |
| 001 - CONTROL NUMBER |
| control field |
000002710 |
| 003 - CONTROL NUMBER IDENTIFIER |
| control field |
DO-SdBPM |
| 005 - DATE AND TIME OF LATEST TRANSACTION |
| control field |
20251013134740.0 |
| 007 - PHYSICAL DESCRIPTION FIXED FIELD--GENERAL INFORMATION |
| fixed length control field |
ta |
| 008 - FIXED-LENGTH DATA ELEMENTS--GENERAL INFORMATION |
| fixed length control field |
090703s2007 dr a 000 0 spa d |
| 040 ## - CATALOGING SOURCE |
| Original cataloging agency |
DO-SdBPM |
| Language of cataloging |
spa |
| Transcribing agency |
BPMSU |
| Description conventions |
rda |
| 082 #4 - DEWEY DECIMAL CLASSIFICATION NUMBER |
| Classification number |
305.42 |
| Item number |
J45f 2007 |
| Edition number |
22 |
| 110 1# - MAIN ENTRY--CORPORATE NAME |
| Corporate name or jurisdiction name as entry element |
República Dominicana. |
| Subordinate unit |
Oficina Nacional de Estadística |
| 245 00 - TITLE STATEMENT |
| Title |
La jefatura femenina de hogar en República Dominicana : |
| Remainder of title |
un estudio a partir de datos censales / |
| Statement of responsibility, etc. |
Investigación Jafmary Féliz, Tomás Sánchez S., Teresa Guerrero Núñez |
| 264 ## - PRODUCTION, PUBLICATION, DISTRIBUTION, MANUFACTURE, AND COPYRIGHT NOTICE |
| Place of production, publication, distribution, manufacture |
Santo Domingo : |
| Name of producer, publisher, distributor, manufacturer |
Oficina Nacional de Estadística (ONE) |
| Date of production, publication, distribution, manufacture, or copyright notice |
2007 |
| 300 ## - PHYSICAL DESCRIPTION |
| Extent |
28 páginas : |
| Other physical details |
ilustraciones ; |
| Dimensions |
25 cm. |
| 336 ## - CONTENT TYPE |
| Source |
rdacontent |
| Content type term |
texto |
| Content type code |
txt |
| 337 ## - MEDIA TYPE |
| Source |
rdamedia |
| Media type term |
sin mediación |
| Media type code |
n |
| 338 ## - CARRIER TYPE |
| Source |
rdacarrier |
| Carrier type term |
volumen |
| Carrier type code |
nc |
| 500 ## - GENERAL NOTE |
| General note |
|
| 504 ## - BIBLIOGRAPHY, ETC. NOTE |
| Bibliography, etc |
Bibliografía: páginas 27-28 |
| 505 0# - FORMATTED CONTENTS NOTE |
| Formatted contents note |
Palabras del director -- Introducción – Algunas consideraciones teórico- conceptuales -- 1.- En torno al concepto y clasificación de la jefatura femenina de hogar -- 2.- El aumento de la jefatura femenina: factores entrelazados lo explican -- 3.- Hogares liderados por mujeres: ¿Hogares más pobres? – Resultados y discusiones -- 1.- Evolución de la jefatura femenina de hogar en la República Dominicana -- 2.- Un perfil de las jefas de hogar dominicanas -- 3.- Condición y entorno de las viviendas dominicanas lideradas por mujeres – A modo de conclusión -- Bibliografía. |
| 590 ## - LOCAL NOTE (RLIN) |
| Local note |
Inventariado, 2025/VM |
| 650 #4 - SUBJECT ADDED ENTRY--TOPICAL TERM |
| Topical term or geographic name as entry element |
Mujeres |
| Geographic subdivision |
República Dominicana |
| General subdivision |
Investigaciones |
| Form subdivision |
|
| 650 #7 - SUBJECT ADDED ENTRY--TOPICAL TERM |
| Topical term or geographic name as entry element |
Jefes de hogar |
| Geographic subdivision |
República Dominicana |
| General subdivision |
|
| 650 #7 - SUBJECT ADDED ENTRY--TOPICAL TERM |
| Topical term or geographic name as entry element |
Censo |
| Geographic subdivision |
República Dominicana |
| Form subdivision |
Estadísticas |
| 700 1# - ADDED ENTRY--PERSONAL NAME |
| Personal name |
Tactuk, Pablo |
| Relator term |
Presentación |
| 700 1# - ADDED ENTRY--PERSONAL NAME |
| Personal name |
Féliz, Jafmary |
| Relator term |
investigación |
| 700 1# - ADDED ENTRY--PERSONAL NAME |
| Personal name |
Sánchez S., Tomás |
| Relator term |
investigación |
| 700 1# - ADDED ENTRY--PERSONAL NAME |
| Personal name |
Guerrero Núñez, Teresa |
| Relator term |
Investigación |
| 910 ## - USER-OPTION DATA (OCLC) |
| User-option data |
VMateo V. Control de calidad. BPMSU |
| 942 ## - ADDED ENTRY ELEMENTS (KOHA) |
| Source of classification or shelving scheme |
Dewey Decimal Classification |
| Koha item type |
Libros |